Gulf construction : yearbook 2006.

Bibliographic Details
Format: Book
Published: Manama: Guides & Annual Publications, 2006.
Subjects:
LEADER 00638cam a2200229 7i4500
001 0000018471
005 20060919090000.0
090 0 0 |a WESA 691   |b GUL 
245 0 0 |a Gulf construction :   |b yearbook 2006. 
260 0 0 |a Manama:   |b Guides & Annual Publications,   |c 2006. 
300 # # |a 128 p. 
650 0 0 |a Building materials  
650 0 0 |a Construction materials  
651 0 0 |a Kuwait  
651 0 0 |a Saudi Arabia  
651 0 0 |a Oman  
651 0 0 |a United Arab Emirates  
651 0 0 |a Bahrain  
651 0 0 |a Qatar  
651 0 0 |a West Asia  
651 0 0 |a Arab Gulf Cooperation Council (GCC)  
999 |a 0000019254  |b Book  |c Regions  |e Business Information Centre